000 006700000a22001930004500
999 _c54375
_d54375
001 768714001
003 CO-MdFUSB
005 20170824113420.0
008 170824s2002 xxu||||| |||| 00| 0 eng d
022 _a0120-3649
040 _aCO-MdFUSB
_bspa
_cCO-MdFUSB
_dCO-MdFUSB
041 _aeng
100 1 _aDeutsch, Robert (1951- )
_eautor
245 1 0 _aLasting impressions :
_bnew bullae reveal Egyptian-Style emblems on Judah's royal seals
300 _aVolumen 28. Número 4 (2002), Páginas 42-51
_c28 cm.
546 _aTexto en inglés
773 0 _tBiblical Archaeology Review
_049395
_959461
_gVolumen 28. Número 4 (2002), Páginas 42-51
_qPágina 42
942 _cANA